[Event "Guelph op"]
[Site "Guelph CAN"]
[Date "2005.07.30"]
[Round "5"]
[White "Ganguly, Surya Shekhar"]
[Black "Buscar, Michael"]
[Result "1-0"]
[WhiteElo "2596"]
[BlackElo "2101"]
[PlyCount "117"]
[GameId "2160767910900926"]
[EventDate "2005.07.28"]
[EventType "swiss"]
[EventRounds "9"]
[EventCountry "CAN"]
[SourceTitle "CBM 107 Extra"]
[Source "ChessBase"]
[SourceDate "2005.09.01"]
[SourceVersion "1"]
[SourceVersionDate "2005.09.01"]
[SourceQuality "1"]

1. e4 c5 2. Nf3 Nc6 3. d4 cxd4 4. Nxd4 Nf6 5. Nc3 e5 6. Ndb5 d6 7. Bg5 a6 8. Na3 b5 9. Nd5 Be7 10. Bxf6 Bxf6 11. c3 Bg5 12. Nc2 O-O 13. a4 Rb8 14. axb5 axb5 15. Bd3 Kh8 16. Qe2 Ne7 17. Nxe7 Qxe7 18. Nb4 Bb7 19. O-O Qe6 20. Rfd1 Bd8 21. Kh1 Qh6 22. Bxb5 Bxe4 23. Qxe4 Rxb5 24. Ra8 Qe6 25. Qc6 Ra5 26. Rxa5 Bxa5 27. Nd5 Rc8 28. Qb7 Bd8 29. b4 e4 30. h3 h6 31. Rd4 Bg5 32. b5 Rc5 33. Qa8+ Kh7 34. b6 Rb5 35. Rd1 e3 36. fxe3 Bxe3 37. c4 Rxb6 38. Nxb6 Bxb6 39. Qd5 Bc5 40. Rf1 Kg8 41. Qxe6 fxe6 42. g4 Kh7 43. Re1 e5 44. Rf1 Kg6 45. Rf5 Bb4 46. Kg2 Bc5 47. Kf3 Ba3 48. Ke4 Bb4 49. Kd5 Ba3 50. h4 Bb4 51. h5+ Kh7 52. Rf8 Bc5 53. Re8 Bb4 54. Ke6 Ba3 55. Kf7 Bc5 56. Rg8 e4 57. Rxg7+ Kh8 58. Kg6 e3 59. Re7 1-0

[Event "Guelph op"]
[Site "Guelph CAN"]
[Date "2005.07.30"]
[Round "5"]
[White "Hamilton, Robert"]
[Black "Kogan, Artur"]
[Result "0-1"]
[WhiteElo "2341"]
[BlackElo "2580"]
[PlyCount "83"]
[GameId "2160767910900927"]
[EventDate "2005.07.28"]
[EventType "swiss"]
[EventRounds "9"]
[EventCountry "CAN"]
[SourceTitle "CBM 107 Extra"]
[Source "ChessBase"]
[SourceDate "2005.09.01"]
[SourceVersion "1"]
[SourceVersionDate "2005.09.01"]
[SourceQuality "1"]

1. e4 c5 2. Nf3 e6 3. d4 cxd4 4. Nxd4 Nc6 5. Nb5 d6 6. c4 Nf6 7. N1c3 a6 8. Na3 Be7 9. Be2 b6 10. O-O Bb7 11. Be3 Ne5 12. f4 Ned7 13. Bf3 O-O 14. Qe2 Rc8 15. Rac1 Qc7 16. Bf2 Rfe8 17. Nc2 Qxc4 18. Qd2 Qc7 19. Nd4 Qb8 20. Rce1 b5 21. a3 Nb6 22. Qe2 Nc4 23. Nd1 Bd8 24. Kh1 Ba5 25. Bh4 Nd7 26. b3 Nd2 27. Rg1 d5 28. e5 Ne4 29. Nf2 Qa7 30. Bxe4 Qxd4 31. Rd1 Qc3 32. Bb1 Qxb3 33. Bxh7+ Kxh7 34. Rd3 Rc3 35. Qh5+ Kg8 36. Ng4 Rxd3 37. Nf6+ Nxf6 38. exf6 Bc3 39. Qg4 g6 40. Bg5 Bb2 41. Re1 Bxa3 42. h4 0-1

[Event "Guelph op"]
[Site "Guelph CAN"]
[Date "2005.07.30"]
[Round "5"]
[White "Henry, Liam"]
[Black "Haessel, Dale"]
[Result "0-1"]
[WhiteElo "2115"]
[BlackElo "2226"]
[PlyCount "56"]
[GameId "2160767910900928"]
[EventDate "2005.07.28"]
[EventType "swiss"]
[EventRounds "9"]
[EventCountry "CAN"]
[SourceTitle "CBM 107 Extra"]
[Source "ChessBase"]
[SourceDate "2005.09.01"]
[SourceVersion "1"]
[SourceVersionDate "2005.09.01"]
[SourceQuality "1"]

1. e4 c5 2. Nf3 d6 3. d4 cxd4 4. Nxd4 Nf6 5. Nc3 a6 6. Bc4 e6 7. Bb3 Nbd7 8. f4 Nc5 9. O-O Qc7 10. f5 Be7 11. Qf3 O-O 12. g4 h6 13. h4 Nh7 14. g5 hxg5 15. hxg5 Nxb3 16. Nxb3 Bxg5 17. Bxg5 Nxg5 18. Qh5 f6 19. Kg2 exf5 20. Rh1 fxe4 21. Qh8+ Kf7 22. Qh5+ Ke6 23. Rae1 Kd7 24. Qg6 b5 25. Rh5 Bb7 26. Qxg7+ Kc6 27. Rxg5 fxg5 28. Qd4 Qf7 0-1

[Event "Guelph op"]
[Site "Guelph CAN"]
[Date "2005.07.30"]
[Round "5"]
[White "Kret, Ted"]
[Black "Mikanovic, Goran"]
[Result "0-1"]
[WhiteElo "2151"]
[BlackElo "2282"]
[PlyCount "80"]
[GameId "2160767910900929"]
[EventDate "2005.07.28"]
[EventType "swiss"]
[EventRounds "9"]
[EventCountry "CAN"]
[SourceTitle "CBM 107 Extra"]
[Source "ChessBase"]
[SourceDate "2005.09.01"]
[SourceVersion "1"]
[SourceVersionDate "2005.09.01"]
[SourceQuality "1"]

1. d4 Nf6 2. c4 e6 3. Nc3 Bb4 4. e3 O-O 5. Bd3 c5 6. Nf3 d5 7. O-O cxd4 8. exd4 dxc4 9. Bxc4 Nbd7 10. Bg5 Bxc3 11. bxc3 Qc7 12. Qe2 b6 13. Bd3 Bb7 14. c4 h6 15. Bd2 Rfe8 16. Rfe1 Rac8 17. Rac1 Qd6 18. Bc3 Nh5 19. Qe3 Qf4 20. Nd2 Qxe3 21. Rxe3 Nhf6 22. Bb2 Rc7 23. Bf1 Rec8 24. Ra3 Ne4 25. Nxe4 Bxe4 26. f3 Bg6 27. Rd1 Rd8 28. Bc1 Nb8 29. Bf4 Rcd7 30. d5 Nc6 31. dxc6 Rxd1 32. c7 Rc8 33. Kf2 f6 34. c5 e5 35. Rxa7 bxc5 36. Bxe5 Rxf1+ 37. Kxf1 fxe5 38. Ke2 Kf7 39. a4 Ke7 40. Ra6 Be8 0-1

[Event "Guelph op"]
[Site "Guelph CAN"]
[Date "2005.07.30"]
[Round "5"]
[White "Peng, David Yu"]
[Black "Filipovich, David"]
[Result "1/2-1/2"]
[WhiteElo "2136"]
[BlackElo "2218"]
[PlyCount "42"]
[GameId "2160767910900931"]
[EventDate "2005.07.28"]
[EventType "swiss"]
[EventRounds "9"]
[EventCountry "CAN"]
[SourceTitle "CBM 107 Extra"]
[Source "ChessBase"]
[SourceDate "2005.09.01"]
[SourceVersion "1"]
[SourceVersionDate "2005.09.01"]
[SourceQuality "1"]

1. d4 g6 2. Nf3 Bg7 3. c4 d6 4. Nc3 Bg4 5. e3 Nc6 6. Be2 e5 7. O-O Nge7 8. d5 Bxf3 9. Bxf3 Nb8 10. Qc2 Nd7 11. b4 a5 12. Ba3 f5 13. Rab1 O-O 14. Nb5 axb4 15. Bxb4 b6 16. a4 Nc5 17. Bxc5 bxc5 18. e4 Qd7 19. Nc3 fxe4 20. Bxe4 Nf5 21. Bxf5 gxf5 1/2-1/2

[Event "Guelph op"]
[Site "Guelph CAN"]
[Date "2005.07.30"]
[Round "5"]
[White "Prilleltensky, Matan"]
[Black "Patterson, Roger"]
[Result "1/2-1/2"]
[WhiteElo "2103"]
[BlackElo "2179"]
[PlyCount "59"]
[GameId "2160767910900933"]
[EventDate "2005.07.28"]
[EventType "swiss"]
[EventRounds "9"]
[EventCountry "CAN"]
[SourceTitle "CBM 107 Extra"]
[Source "ChessBase"]
[SourceDate "2005.09.01"]
[SourceVersion "1"]
[SourceVersionDate "2005.09.01"]
[SourceQuality "1"]

1. e4 c5 2. c3 d5 3. exd5 Qxd5 4. d4 Nf6 5. Nf3 cxd4 6. cxd4 e6 7. Nc3 Qd6 8. Be3 Be7 9. Bd3 Nc6 10. a3 O-O 11. Qc2 a6 12. O-O b5 13. Ne4 Nxe4 14. Bxe4 Bb7 15. Bxh7+ Kh8 16. Be4 f5 17. Bxc6 Qxc6 18. Qxc6 Bxc6 19. Ne5 Be8 20. f3 Bf6 21. Nd3 Bc6 22. Rac1 Rac8 23. Nf4 Rfe8 24. h4 Kg8 25. Bf2 Bd5 26. Rfe1 Kf7 27. Nd3 Rh8 28. Rxc8 Rxc8 29. Nc5 a5 30. Kf1 1/2-1/2

[Event "Guelph op"]
[Site "Guelph CAN"]
[Date "2005.07.30"]
[Round "5"]
[White "Urquhart, Eddie"]
[Black "Cazelais, Marc"]
[Result "1/2-1/2"]
[WhiteElo "2166"]
[BlackElo "2203"]
[PlyCount "29"]
[GameId "2160767910900936"]
[EventDate "2005.07.28"]
[EventType "swiss"]
[EventRounds "9"]
[EventCountry "CAN"]
[SourceTitle "CBM 107 Extra"]
[Source "ChessBase"]
[SourceDate "2005.09.01"]
[SourceVersion "1"]
[SourceVersionDate "2005.09.01"]
[SourceQuality "1"]

1. e4 c5 2. Nc3 Nc6 3. f4 g6 4. Nf3 Bg7 5. Bb5 Nd4 6. O-O Nxb5 7. Nxb5 d5 8. exd5 a6 9. Nc3 Nf6 10. Na4 Nxd5 11. Nxc5 Nxf4 12. d4 Ne6 13. Nxe6 Bxe6 14. c3 O-O 15. Bf4 1/2-1/2

[Event "Guelph op"]
[Site "Guelph CAN"]
[Date "2005.07.30"]
[Round "6"]
[White "Cazelais, Marc"]
[Black "Peng, David Yu"]
[Result "0-1"]
[WhiteElo "2203"]
[BlackElo "2136"]
[PlyCount "132"]
[GameId "2160767910900939"]
[EventDate "2005.07.28"]
[EventType "swiss"]
[EventRounds "9"]
[EventCountry "CAN"]
[SourceTitle "CBM 107 Extra"]
[Source "ChessBase"]
[SourceDate "2005.09.01"]
[SourceVersion "1"]
[SourceVersionDate "2005.09.01"]
[SourceQuality "1"]

1. e4 c5 2. c3 Nf6 3. e5 Nd5 4. d4 cxd4 5. Nf3 e6 6. cxd4 b6 7. Nc3 Nxc3 8. bxc3 Qc7 9. Bd2 Bb7 10. Bd3 d6 11. O-O Nd7 12. Ng5 dxe5 13. Qh5 g6 14. Qh3 Bg7 15. Nxe6 fxe6 16. Qxe6+ Kd8 17. Bg5+ Kc8 18. d5 Qc5 19. c4 Kc7 20. Be7 Rae8 21. d6+ Kc8 22. Be2 Bf6 23. Bg4 Rxe7 24. dxe7 Qxe7 25. Rad1 Qxe6 26. Bxe6 Rd8 27. f4 e4 28. f5 g5 29. Kf2 Kc7 30. Ke3 Nc5 31. Rxd8 Kxd8 32. Rd1+ Ke7 33. Bd5 Ba6 34. g4 Be5 35. h3 Bf4+ 36. Kd4 e3 37. Re1 h6 38. Re2 Bb7 39. Bxb7 Nxb7 40. a4 Kd6 41. Ra2 Nc5 42. Kc3 Ne4+ 43. Kd3 Nf2+ 44. Ke2 Nxh3 45. Ra1 Nf2 46. Kf3 Ke5 47. a5 Ne4 48. a6 Nc3 49. Rh1 Kf6 50. Rxh6+ Kg7 51. Re6 e2 52. Kf2 Bd2 53. Rxe2 Nxe2 54. Kxe2 Bb4 55. Kd3 Kf6 56. Ke4 Bc5 57. Kd5 Bf2 58. Kd6 Bd4 59. Kc6 Ke5 60. Kb7 Bc5 61. Kc6 Kf4 62. f6 Ke5 63. f7 Ke6 64. Kb7 Kxf7 65. Kxa7 b5+ 66. Kb7 bxc4 0-1

[Event "Guelph op"]
[Site "Guelph CAN"]
[Date "2005.07.30"]
[Round "6"]
[White "Divljan, Igor"]
[Black "Ganguly, Surya Shekhar"]
[Result "0-1"]
[WhiteElo "2313"]
[BlackElo "2596"]
[PlyCount "34"]
[GameId "2160767910900940"]
[EventDate "2005.07.28"]
[EventType "swiss"]
[EventRounds "9"]
[EventCountry "CAN"]
[SourceTitle "CBM 107 Extra"]
[Source "ChessBase"]
[SourceDate "2005.09.01"]
[SourceVersion "1"]
[SourceVersionDate "2005.09.01"]
[SourceQuality "1"]

1. d4 Nf6 2. c4 c5 3. d5 b5 4. cxb5 a6 5. b6 a5 6. Nc3 Ba6 7. f4 Qxb6 8. Nf3 e6 9. e4 c4 10. e5 Nxd5 11. Nxd5 exd5 12. Qxd5 Bb4+ 13. Bd2 Nc6 14. O-O-O O-O 15. a3 Bxa3 16. bxa3 Qb3 17. Nd4 Qxa3+ 0-1

[Event "Guelph op"]
[Site "Guelph CAN"]
[Date "2005.07.30"]
[Round "6"]
[White "Filipovich, David"]
[Black "Buscar, Michael"]
[Result "1/2-1/2"]
[WhiteElo "2218"]
[BlackElo "2101"]
[PlyCount "41"]
[GameId "2160767910900941"]
[EventDate "2005.07.28"]
[EventType "swiss"]
[EventRounds "9"]
[EventCountry "CAN"]
[SourceTitle "CBM 107 Extra"]
[Source "ChessBase"]
[SourceDate "2005.09.01"]
[SourceVersion "1"]
[SourceVersionDate "2005.09.01"]
[SourceQuality "1"]

1. Nf3 d5 2. g3 Nf6 3. Bg2 Bg4 4. c4 c6 5. Ne5 Be6 6. d4 g6 7. O-O Bg7 8. b3 O-O 9. Bb2 Nbd7 10. Nc3 dxc4 11. Nxc4 Nb6 12. Nxb6 axb6 13. Qd2 b5 14. Rfd1 Qb6 15. e4 Rfd8 16. Qc2 Rd7 17. Rd3 Rad8 18. Rad1 Rxd4 19. Rxd4 Rxd4 20. Rxd4 Qxd4 21. Nxb5 1/2-1/2

[Event "Guelph op"]
[Site "Guelph CAN"]
[Date "2005.07.30"]
[Round "6"]
[White "Haessel, Dale"]
[Black "Plotkin, Victor"]
[Result "1-0"]
[WhiteElo "2226"]
[BlackElo "2192"]
[PlyCount "113"]
[GameId "2160767910900942"]
[EventDate "2005.07.28"]
[EventType "swiss"]
[EventRounds "9"]
[EventCountry "CAN"]
[SourceTitle "CBM 107 Extra"]
[Source "ChessBase"]
[SourceDate "2005.09.01"]
[SourceVersion "1"]
[SourceVersionDate "2005.09.01"]
[SourceQuality "1"]

1. c4 e5 2. g3 Nf6 3. Bg2 Be7 4. Nc3 O-O 5. e4 d6 6. Nge2 Be6 7. b3 c6 8. d4 Bg4 9. O-O Qa5 10. Bb2 Nbd7 11. h3 Bh5 12. g4 Bg6 13. dxe5 Qxe5 14. Ng3 Qc5 15. Re1 Rfe8 16. Qd2 Qa5 17. Re2 Bf8 18. Rae1 Rad8 19. Nd5 Qxd2 20. Nxf6+ Nxf6 21. Rxd2 d5 22. Bxf6 gxf6 23. Red1 Bb4 24. Rd3 Bd6 25. cxd5 Bxg3 26. fxg3 Bxe4 27. Bxe4 Rxe4 28. dxc6 Rxd3 29. Rxd3 bxc6 30. Kf2 Re5 31. Rc3 c5 32. Kf3 Kf8 33. Rc4 a6 34. Kf4 Ke7 35. Ra4 Re6 36. Ra5 Rc6 37. Kf5 Kd7 38. h4 h6 39. Ra4 Rd6 40. Rc4 Rd2 41. Kxf6 Rxa2 42. Rxc5 Ra3 43. Kxf7 Rxb3 44. g5 hxg5 45. Rxg5 Rf3+ 46. Kg6 Ke7 47. g4 Rf6+ 48. Kh5 Kf7 49. Ra5 Kg7 50. g5 Rb6 51. Rc5 Rb4 52. Rc7+ Kf8 53. Ra7 Rb6 54. g6 Rb4 55. Rxa6 Kg7 56. Ra7+ Kg8 57. Kg5 1-0

[Event "Guelph op"]
[Site "Guelph CAN"]
[Date "2005.07.30"]
[Round "6"]
[White "Mikanovic, Goran"]
[Black "Kulic, Sasa"]
[Result "1-0"]
[WhiteElo "2282"]
[BlackElo "2133"]
[PlyCount "75"]
[GameId "2160767910900947"]
[EventDate "2005.07.28"]
[EventType "swiss"]
[EventRounds "9"]
[EventCountry "CAN"]
[SourceTitle "CBM 107 Extra"]
[Source "ChessBase"]
[SourceDate "2005.09.01"]
[SourceVersion "1"]
[SourceVersionDate "2005.09.01"]
[SourceQuality "1"]

1. d4 Nf6 2. c4 g6 3. Nc3 d5 4. Nf3 Bg7 5. e3 O-O 6. b4 b6 7. Ba3 c5 8. bxc5 bxc5 9. Rc1 cxd4 10. Nxd4 Re8 11. Be2 e5 12. Ndb5 d4 13. exd4 exd4 14. Qxd4 Qxd4 15. Nxd4 Nh5 16. Rd1 Nf4 17. O-O Bb7 18. Bf3 Bxf3 19. gxf3 Nc6 20. Nxc6 Bxc3 21. Bd6 Ne6 22. c5 Ng5 23. Kg2 Re2 24. Ne7+ Kg7 25. c6 Ne6 26. Bg3 Re8 27. Nd5 Ba5 28. a4 Rc8 29. Rc1 Rd2 30. Ne3 Rd4 31. Be5+ f6 32. Bxd4 Nxd4 33. Rc4 Ne6 34. Rd1 Bb6 35. Rd7+ Kh6 36. Nd5 Bc5 37. c7 Kg5 38. Rxc5 1-0

[Event "Guelph op"]
[Site "Guelph CAN"]
[Date "2005.07.30"]
[Round "6"]
[White "Ochkoos, Jura"]
[Black "Hamilton, Robert"]
[Result "1/2-1/2"]
[WhiteElo "2275"]
[BlackElo "2341"]
[PlyCount "81"]
[GameId "2160767910900949"]
[EventDate "2005.07.28"]
[EventType "swiss"]
[EventRounds "9"]
[EventCountry "CAN"]
[SourceTitle "CBM 107 Extra"]
[Source "ChessBase"]
[SourceDate "2005.09.01"]
[SourceVersion "1"]
[SourceVersionDate "2005.09.01"]
[SourceQuality "1"]

1. e4 e5 2. Nf3 d6 3. d4 Nf6 4. Nc3 Nbd7 5. Bc4 Be7 6. O-O O-O 7. Re1 c6 8. a4 a5 9. b3 Qc7 10. Ba3 Nb6 11. Be2 Re8 12. h3 Bd7 13. Qd2 Rad8 14. dxe5 dxe5 15. Bxe7 Rxe7 16. Rad1 Nc8 17. Qe3 Qb6 18. Qxb6 Nxb6 19. Rd2 Rde8 20. Red1 Bc8 21. Nh2 Rd7 22. Bg4 Rxd2 23. Rxd2 Bxg4 24. hxg4 h6 25. f3 h5 26. gxh5 Nxh5 27. Ng4 Nf4 28. Kf2 f6 29. Ne3 Ne6 30. Ne2 Rd8 31. Rxd8+ Nxd8 32. Ke1 Ne6 33. Kd2 Kf7 34. Nc1 Ke7 35. Nd3 Kd6 36. Nf5+ Kd7 37. Nb2 Nf4 38. Ne3 Kc7 39. Nd3 Ne6 40. Nb2 Kd7 41. Nbc4 1/2-1/2

[Event "Guelph op"]
[Site "Guelph CAN"]
[Date "2005.07.30"]
[Round "6"]
[White "Patterson, Roger"]
[Black "Henry, Liam"]
[Result "1/2-1/2"]
[WhiteElo "2179"]
[BlackElo "2115"]
[PlyCount "43"]
[GameId "2160767910900951"]
[EventDate "2005.07.28"]
[EventType "swiss"]
[EventRounds "9"]
[EventCountry "CAN"]
[SourceTitle "CBM 107 Extra"]
[Source "ChessBase"]
[SourceDate "2005.09.01"]
[SourceVersion "1"]
[SourceVersionDate "2005.09.01"]
[SourceQuality "1"]

1. e4 c5 2. Nf3 d6 3. d4 cxd4 4. Nxd4 Nf6 5. Nc3 a6 6. f4 e5 7. Nf3 Nbd7 8. a4 Be7 9. Bd3 O-O 10. O-O Re8 11. Kh1 Bf8 12. fxe5 Nxe5 13. Nxe5 dxe5 14. Bg5 Be7 15. Qf3 Be6 16. Bxf6 Bxf6 17. Nd5 Bxd5 18. exd5 Qd6 19. Rae1 Rad8 20. c4 Qb6 21. b3 a5 22. Qf5 1/2-1/2

[Event "Guelph op"]
[Site "Guelph CAN"]
[Date "2005.07.30"]
[Round "6"]
[White "Stevens, Christian"]
[Black "Dougherty, Michael"]
[Result "1-0"]
[WhiteElo "2319"]
[BlackElo "2233"]
[PlyCount "105"]
[GameId "2160767910900952"]
[EventDate "2005.07.28"]
[EventType "swiss"]
[EventRounds "9"]
[EventCountry "CAN"]
[SourceTitle "CBM 107 Extra"]
[Source "ChessBase"]
[SourceDate "2005.09.01"]
[SourceVersion "1"]
[SourceVersionDate "2005.09.01"]
[SourceQuality "1"]

1. e4 c5 2. Nf3 Nc6 3. Bb5 e6 4. O-O Nge7 5. c3 a6 6. Be2 d5 7. exd5 Nxd5 8. d4 cxd4 9. Nxd4 Bd7 10. Bf3 Be7 11. Bxd5 exd5 12. Be3 O-O 13. Qb3 Nxd4 14. Bxd4 Bb5 15. Re1 Bf6 16. Qd1 Bxd4 17. Qxd4 Re8 18. Na3 Bc6 19. Rxe8+ Qxe8 20. Qd2 Qe7 21. Nc2 Re8 22. Nd4 Qd6 23. Re1 Kf8 24. f3 Re5 25. Rxe5 Qxe5 26. g3 h5 27. Kf2 h4 28. Qe3 hxg3+ 29. hxg3 Qh5 30. Kg2 Bd7 31. g4 Qg6 32. Qe5 Qb6 33. b3 Be6 34. Kg3 Kg8 35. f4 Qc5 36. Nxe6 Qg1+ 37. Kf3 Qf1+ 38. Ke3 Qg1+ 39. Kd2 fxe6 40. Qxe6+ Kh7 41. Qf5+ Kh8 42. Qh5+ Kg8 43. Qxd5+ Kh7 44. Qe4+ Kg8 45. Qd5+ Kh7 46. Qf5+ Kg8 47. a4 Qb6 48. Kc2 g6 49. Qc8+ Kf7 50. Qd7+ Kg8 51. Qd5+ Kh7 52. f5 Qf2+ 53. Kb1 1-0

[Event "Guelph op"]
[Site "Guelph CAN"]
[Date "2005.07.31"]
[Round "7"]
[White "Dougherty, Michael"]
[Black "Urquhart, Eddie"]
[Result "1/2-1/2"]
[WhiteElo "2233"]
[BlackElo "2166"]
[PlyCount "30"]
[GameId "2160767910900956"]
[EventDate "2005.07.28"]
[EventType "swiss"]
[EventRounds "9"]
[EventCountry "CAN"]
[SourceTitle "CBM 107 Extra"]
[Source "ChessBase"]
[SourceDate "2005.09.01"]
[SourceVersion "1"]
[SourceVersionDate "2005.09.01"]
[SourceQuality "1"]

1. Nf3 Nf6 2. c4 e6 3. Nc3 d5 4. d4 dxc4 5. e4 Bb4 6. Bg5 c5 7. Bxc4 cxd4 8. Nxd4 Bxc3+ 9. bxc3 Qa5 10. Bxf6 Qxc3+ 11. Kf1 gxf6 12. Rc1 Qa5 13. h4 Ke7 14. Rh3 Rd8 15. Rd3 Bd7 1/2-1/2

[Event "Guelph op"]
[Site "Guelph CAN"]
[Date "2005.07.31"]
[Round "7"]
[White "Hamilton, Robert"]
[Black "Haessel, Dale"]
[Result "0-1"]
[WhiteElo "2341"]
[BlackElo "2226"]
[PlyCount "88"]
[GameId "2160767910900958"]
[EventDate "2005.07.28"]
[EventType "swiss"]
[EventRounds "9"]
[EventCountry "CAN"]
[SourceTitle "CBM 107 Extra"]
[Source "ChessBase"]
[SourceDate "2005.09.01"]
[SourceVersion "1"]
[SourceVersionDate "2005.09.01"]
[SourceQuality "1"]

1. d4 Nf6 2. c4 g6 3. Nc3 d5 4. Bg5 Ne4 5. cxd5 Nxg5 6. h4 Ne4 7. Nxe4 Qxd5 8. Nc3 Qa5 9. e3 Bg7 10. Qd2 c5 11. Bb5+ Bd7 12. Bxd7+ Nxd7 13. d5 Nb6 14. Nge2 O-O 15. e4 Nc4 16. Qc2 b5 17. O-O Rac8 18. a3 f5 19. exf5 Rxf5 20. Rad1 Qa6 21. Qb3 Nd6 22. Ng3 Rf7 23. Nge4 Nxe4 24. Nxe4 Qb7 25. Ng5 Rf5 26. d6+ c4 27. Qe3 exd6 28. Qe6+ Kh8 29. Rxd6 Rf6 30. Qe5 Rxf2 31. Qg3 Rxf1+ 32. Kxf1 Rf8+ 33. Kg1 Re8 34. Qf2 Qe7 35. Re6 Qd7 36. Rd6 Qc7 37. Qd2 Qc5+ 38. Kh1 Rf8 39. Rd5 Rf1+ 40. Kh2 Qc7+ 41. g3 Qe7 42. Kg2 Rf8 43. Rd7 Qf6 44. Qd5 Qf1+ 0-1

[Event "Guelph op"]
[Site "Guelph CAN"]
[Date "2005.07.31"]
[Round "7"]
[White "Henry, Liam"]
[Black "Cazelais, Marc"]
[Result "0-1"]
[WhiteElo "2115"]
[BlackElo "2203"]
[PlyCount "80"]
[GameId "2160767910900959"]
[EventDate "2005.07.28"]
[EventType "swiss"]
[EventRounds "9"]
[EventCountry "CAN"]
[SourceTitle "CBM 107 Extra"]
[Source "ChessBase"]
[SourceDate "2005.09.01"]
[SourceVersion "1"]
[SourceVersionDate "2005.09.01"]
[SourceQuality "1"]

1. e4 c5 2. Nf3 Nc6 3. Nc3 Nf6 4. Bb5 e6 5. Bxc6 dxc6 6. e5 Nd5 7. Ne4 f5 8. exf6 Nxf6 9. Nxf6+ Qxf6 10. d3 Bd6 11. Ng5 O-O 12. Ne4 Qf7 13. Be3 Qe7 14. Bg5 Qc7 15. Bh4 Bf4 16. Bg3 e5 17. O-O b6 18. Re1 Bf5 19. Qe2 Rae8 20. a4 a5 21. Nd2 Be6 22. b3 b5 23. Ra3 c4 24. axb5 cxb5 25. Rea1 cxd3 26. cxd3 a4 27. Bxf4 exf4 28. Qf3 Rf7 29. d4 Rd7 30. bxa4 Rxd4 31. Nf1 Bd5 32. Qc3 Qxc3 33. Rxc3 Rxa4 34. Rd1 Bc4 35. h3 Ra2 36. Nh2 Ree2 37. Rf3 g5 38. Ng4 b4 39. Rd7 Re6 40. Kh2 h5 0-1

[Event "Guelph op"]
[Site "Guelph CAN"]
[Date "2005.07.31"]
[Round "7"]
[White "Matveeva, Svetlana"]
[Black "Kogan, Artur"]
[Result "1/2-1/2"]
[WhiteElo "2419"]
[BlackElo "2580"]
[PlyCount "86"]
[GameId "2160767910900961"]
[EventDate "2005.07.28"]
[EventType "swiss"]
[EventRounds "9"]
[EventCountry "CAN"]
[SourceTitle "CBM 107 Extra"]
[Source "ChessBase"]
[SourceDate "2005.09.01"]
[SourceVersion "1"]
[SourceVersionDate "2005.09.01"]
[SourceQuality "1"]

1. d4 Nf6 2. c4 e6 3. Nc3 Bb4 4. Qc2 O-O 5. a3 Bxc3+ 6. Qxc3 Ne4 7. Qc2 f5 8. Nf3 d6 9. g3 Nc6 10. Bg2 Qf6 11. d5 Ne7 12. dxe6 Bxe6 13. O-O a5 14. Be3 Nc6 15. Rfd1 Qf7 16. Rac1 a4 17. Nd4 Nxd4 18. Bxd4 Qg6 19. Re1 h5 20. f3 Nf6 21. c5 Bb3 22. Qd2 dxc5 23. Rxc5 c6 24. e4 fxe4 25. Qg5 Qxg5 26. Rxg5 exf3 27. Bxf3 Rad8 28. Bc3 Kh7 29. Bxh5 Kh6 30. Ree5 Bc2 31. h4 g6 32. Be2 Ne4 33. Re7 Nxc3 34. bxc3 Rd2 35. Rge5 Bd3 36. Bxd3 Rxd3 37. Kg2 Rxc3 38. Rxb7 Rff3 39. Rg5 Rxa3 40. Ra7 Rfd3 41. Rg4 Ra2+ 42. Kh3 a3 43. Re4 Rd6 1/2-1/2

[Event "Guelph op"]
[Site "Guelph CAN"]
[Date "2005.07.31"]
[Round "7"]
[White "Peng, David Yu"]
[Black "Divljan, Igor"]
[Result "1/2-1/2"]
[WhiteElo "2136"]
[BlackElo "2313"]
[PlyCount "29"]
[GameId "2160767910900963"]
[EventDate "2005.07.28"]
[EventType "swiss"]
[EventRounds "9"]
[EventCountry "CAN"]
[SourceTitle "CBM 107 Extra"]
[Source "ChessBase"]
[SourceDate "2005.09.01"]
[SourceVersion "1"]
[SourceVersionDate "2005.09.01"]
[SourceQuality "1"]

1. d4 Nf6 2. Bg5 e6 3. e4 c5 4. e5 h6 5. Bc1 Nh7 6. Nf3 cxd4 7. Qxd4 Nc6 8. Qe4 Ng5 9. Bxg5 hxg5 10. Nbd2 Qa5 11. c3 Qc7 12. O-O-O g4 13. Qxg4 Qa5 14. Nc4 Qxa2 15. Bd3 1/2-1/2

[Event "Guelph op"]
[Site "Guelph CAN"]
[Date "2005.07.31"]
[Round "7"]
[White "Plotkin, Victor"]
[Black "Patterson, Roger"]
[Result "1-0"]
[WhiteElo "2192"]
[BlackElo "2179"]
[PlyCount "101"]
[GameId "2160767910900964"]
[EventDate "2005.07.28"]
[EventType "swiss"]
[EventRounds "9"]
[EventCountry "CAN"]
[SourceTitle "CBM 107 Extra"]
[Source "ChessBase"]
[SourceDate "2005.09.01"]
[SourceVersion "1"]
[SourceVersionDate "2005.09.01"]
[SourceQuality "1"]

1. e4 c5 2. c3 Nf6 3. e5 Nd5 4. d4 cxd4 5. Nf3 d6 6. cxd4 e6 7. Bc4 Nc7 8. Nc3 Be7 9. Bb3 Nc6 10. Qe2 d5 11. O-O f5 12. exf6 Bxf6 13. Bf4 O-O 14. Rad1 Ne8 15. Rfe1 g6 16. Ne5 Bxe5 17. Bxe5 Nxe5 18. Qxe5 Ng7 19. Rc1 Bd7 20. Nd1 Rc8 21. Ne3 Qa5 22. Ng4 Qd2 23. Rcd1 Qf4 24. h3 Qxe5 25. Nxe5 Rfd8 26. Rc1 Be8 27. g4 Bb5 28. Kg2 Ne8 29. f4 Nd6 30. Kf3 Kf8 31. Ke3 Rxc1 32. Rxc1 Rc8 33. Rxc8+ Nxc8 34. f5 gxf5 35. gxf5 Ke7 36. Kf4 Nd6 37. Bc2 Bf1 38. h4 Nb5 39. Ke3 Bh3 40. fxe6 h6 41. Nf7 Bxe6 42. Nxh6 Kf6 43. Bd3 Nd6 44. Kf4 Ne4 45. Bxe4 dxe4 46. Ng4+ Kg6 47. a3 Kh5 48. Nf6+ Kxh4 49. Nxe4 Bh3 50. Ke5 Kg4 51. Nf2+ 1-0

[Event "Guelph op"]
[Site "Guelph CAN"]
[Date "2005.07.31"]
[Round "7"]
[White "Shipov, Sergei"]
[Black "Kunte, Abhijit"]
[Result "1/2-1/2"]
[WhiteElo "2582"]
[BlackElo "2561"]
[PlyCount "39"]
[GameId "2160767910900965"]
[EventDate "2005.07.28"]
[EventType "swiss"]
[EventRounds "9"]
[EventCountry "CAN"]
[SourceTitle "CBM 107 Extra"]
[Source "ChessBase"]
[SourceDate "2005.09.01"]
[SourceVersion "1"]
[SourceVersionDate "2005.09.01"]
[SourceQuality "1"]

1. d4 Nf6 2. c4 e6 3. Nc3 Bb4 4. Qc2 O-O 5. a3 Bxc3+ 6. Qxc3 d6 7. Nf3 b6 8. e3 Bb7 9. Be2 Nbd7 10. O-O Qe7 11. b4 c5 12. Bb2 Rfc8 13. Rfd1 a5 14. dxc5 dxc5 15. b5 Rd8 16. Rd2 Nf8 17. Rad1 Ne8 18. Rxd8 Rxd8 19. Rxd8 Qxd8 20. Nd2 1/2-1/2